| 000 | 00612nam a2200205 a 4500 | ||
|---|---|---|---|
| 005 | 20251104063908.0 | ||
| 008 | 991125s1947 mx 000 0 spa u | ||
| 035 | _aUPN01000035100 | ||
| 049 | _aCG | ||
| 050 | 4 |
_aBD573 _bL5.8 |
|
| 100 | 1 | _aJulleville, Pierre Petit de | |
| 245 | 1 | 0 |
_aLibertad, religión y educación / _cJulleville... [et al.] ; tr. Héctor González Uribe. |
| 260 |
_aMéxico : _bJUS, _c1947. |
||
| 300 | _a264 p. | ||
| 440 | 0 | _aEstudios sociales | |
| 650 | 4 |
_aIGLESIA Y EDUCACION _919906 |
|
| 650 | 2 |
_aLibertad religiosa _922910 |
|
| 650 | 0 |
_aReligión _xFilosofía _97889 |
|
| 905 | _aLibro | ||
| 999 |
_c35100 _d35100 |
||